[Event "European Youth Chess Championship B18"]
[Site "Prague, Top Hotel Prague"]
[Date "2012.08.25"]
[Round "9.27"]
[White "Altini, Nicola"]
[Black "Swijsen, Lars"]
[Result "1/2-1/2"]
[WhiteElo "2379"]
[BlackElo "2097"]
[PlyCount "111"]
[EventDate "2012.08.17"]

1. d4 Nf6 2. c4 g6 3. Nc3 Bg7 4. e4 d6 5. Nf3 O-O 6. Be2 e5 7. O-O Nc6 8. d5
Ne7 9. b4 a5 10. Ba3 b6 11. bxa5 Rxa5 12. Nb5 Nh5 13. Bb4 Ra6 14. a4 Nf4 15.
Ra3 f5 16. Nd2 fxe4 17. Nxe4 Nf5 18. a5 Nd4 19. Nxd4 exd4 20. Bf3 Be5 21. g3
Nh3+ 22. Kg2 Ng5 23. Nxg5 Qxg5 24. Be4 Qh6 25. h4 bxa5 26. Rxa5 Rxa5 27. Bxa5
Qg7 28. Qd3 Qd7 29. Rh1 Qf7 30. f4 Bxf4 31. Rf1 Qd7 32. Rxf4 Rxf4 33. gxf4 Qg4+
34. Kh1 Qxh4+ 35. Kg2 Qxf4 36. Bd2 Qg4+ 37. Kf1 Qh4 38. Bg2 Bf5 39. Qe2 Kf7 40.
Kg1 d3 41. Qe3 Qxc4 42. Qh6 Qd4+ 43. Kf1 Qa1+ 44. Kf2 Qd4+ 45. Be3 Qb2+ 46. Bd2
Qd4+ 47. Be3 Qb2+ 48. Kg3 Qe5+ 49. Bf4 Qg7 50. Qh4 Ke8 51. Kh2 Kd7 52. Bf3 Kc8
53. Qe1 Kd7 54. Bd1 Qb2+ 55. Kg3 Qd4 56. Bf3 1/2-1/2

[Event "European Youth Chess Championship B18"]
[Site "Prague, Top Hotel Prague"]
[Date "2012.08.25"]
[Round "9.28"]
[White "Pavel, Sebastian-Ionut"]
[Black "Andreev, Sasho"]
[Result "1/2-1/2"]
[WhiteElo "2045"]
[BlackElo "2197"]
[PlyCount "84"]
[EventDate "2012.08.17"]

1. e4 e5 2. Nf3 Nc6 3. d4 exd4 4. Bc4 g6 5. O-O Bg7 6. c3 d3 7. Qb3 Qe7 8. Bg5
Bf6 9. Bf4 Na5 10. Qa4 Nxc4 11. Qxc4 d6 12. Qxd3 Bd7 13. Be3 a6 14. Nbd2 Bg7
15. Rfe1 f6 16. Nc4 Nh6 17. e5 dxe5 18. Ncxe5 Bf5 19. Nxg6 hxg6 20. Bc5 Bxd3
21. Rxe7+ Kf8 22. Rd7+ Kg8 23. Rxd3 b6 24. Be3 Rh7 25. Rd7 Bf8 26. Rad1 Bd6 27.
Rxh7 Kxh7 28. Bxb6 Rb8 29. Bxc7 Bxc7 30. Rd7+ Kg8 31. Rxc7 Rxb2 32. h3 Rxa2 33.
c4 Nf5 34. c5 Rc2 35. g4 Ng7 36. Nd4 Rc4 37. Nb3 Ne6 38. Rc6 Kf7 39. Rxa6 Rc3
40. Ra7+ Kf8 41. Rb7 Nxc5 42. Nxc5 Rxc5 1/2-1/2

[Event "European Youth Chess Championship B18"]
[Site "Prague, Top Hotel Prague"]
[Date "2012.08.25"]
[Round "9.29"]
[White "Rubes, Jan"]
[Black "Seidl, Stepan"]
[Result "1-0"]
[WhiteElo "2097"]
[BlackElo "2187"]
[PlyCount "93"]
[EventDate "2012.08.17"]

1. e4 c5 2. Nf3 Nc6 3. b4 cxb4 4. a3 bxa3 5. Bxa3 d6 6. d4 Nf6 7. Bd3 e5 8. d5
Nb8 9. O-O Bg4 10. Nbd2 Be7 11. Nc4 O-O 12. Ne3 Nbd7 13. h3 Bxf3 14. Qxf3 g6
15. g4 Ne8 16. Kh1 Bg5 17. Rfb1 Rb8 18. Bb4 a6 19. Nc4 Qc7 20. Ba5 b6 21. Bb4
a5 22. Ba3 b5 23. Nxa5 Qxa5 24. Bxd6 Qxa1 25. Rxa1 Nxd6 26. Ra6 Rb6 27. Bxb5
Rxa6 28. Bxa6 Nc5 29. Qa3 Ndxe4 30. f3 Nxa6 31. fxe4 Nc7 32. Qd6 Nb5 33. Qxe5
Bd8 34. c4 Bc7 35. Qe7 Bd8 36. Qd7 Nd4 37. c5 Bh4 38. Qa4 Ne2 39. c6 Bg3 40.
Qc4 Nf4 41. c7 Rc8 42. e5 Kg7 43. d6 Ne6 44. Qa6 Rxc7 45. dxc7 Nxc7 46. Qf6+
Kf8 47. Qd6+ 1-0

[Event "European Youth Chess Championship B18"]
[Site "Prague, Top Hotel Prague"]
[Date "2012.08.25"]
[Round "9.30"]
[White "Konvicka, Martin"]
[Black "Balacek, Tadeas"]
[Result "1/2-1/2"]
[WhiteElo "1937"]
[BlackElo "2178"]
[PlyCount "94"]
[EventDate "2012.08.17"]

1. e4 e6 2. d4 d5 3. Nc3 Nc6 4. Nf3 Nf6 5. Bd3 Nb4 6. Bg5 Nxd3+ 7. Qxd3 Be7 8.
O-O-O dxe4 9. Nxe4 Nxe4 10. Bxe7 Nxf2 11. Bxd8 Nxd3+ 12. Rxd3 Kxd8 13. Ng5 Ke7
14. Re1 h6 15. Nf3 f6 16. c4 b6 17. Kc2 Re8 18. Kc3 a5 19. h4 Kf7 20. h5 Bb7
21. Nh4 Rad8 22. Rde3 c5 23. dxc5 bxc5 24. g4 Bc6 25. Rf1 Kg8 26. Rfe1 e5 27.
Nf5 Rd7 28. Rf1 Kf7 29. Nh4 Rd4 30. Ng6 Kg8 31. Rg3 Be4 32. b3 Red8 33. Ne7+
Kf7 34. Nf5 Rd3+ 35. Rxd3 Rxd3+ 36. Kb2 Rd2+ 37. Ka3 Bxf5 38. gxf5 Ke7 39. Rg1
e4 40. Re1 Kd6 41. Rxe4 Rf2 42. Ka4 Rxf5 43. Kxa5 Rxh5 44. Kb6 Rh2 45. Re1 Rxa2
46. Rd1+ Ke5 47. Kxc5 Ra5+ 1/2-1/2

[Event "European Youth Chess Championship B18"]
[Site "Prague, Top Hotel Prague"]
[Date "2012.08.25"]
[Round "9.31"]
[White "Romanov, Stanislav"]
[Black "Bizovi, Mihai"]
[Result "0-1"]
[WhiteElo "2115"]
[BlackElo "2044"]
[PlyCount "64"]
[EventDate "2012.08.17"]

1. e4 c5 2. a3 Nc6 3. b4 e5 4. b5 Nd4 5. c3 Ne6 6. Nf3 d6 7. d4 cxd4 8. cxd4
exd4 9. Nxd4 Nf6 10. Nc3 Be7 11. Bb2 O-O 12. Be2 Nf4 13. Bf3 Be6 14. Qd2 Ng6
15. O-O Ne5 16. Be2 Rc8 17. Nxe6 fxe6 18. Qd4 Qb6 19. Qxb6 axb6 20. Na4 Nc4 21.
Bxf6 Bxf6 22. Rac1 Nd2 23. Nxb6 Rxc1 24. Rxc1 Bd4 25. Nc4 Rxf2 26. Kh1 Rxe2 27.
Nxd6 h5 28. Nxb7 Nxe4 29. h3 Nf2+ 30. Kh2 Be5+ 31. Kg1 Nd3 32. Rd1 Nf4 0-1

[Event "European Youth Chess Championship B18"]
[Site "Prague, Top Hotel Prague"]
[Date "2012.08.25"]
[Round "9.32"]
[White "Pop, Alexandru"]
[Black "Real, Thibault"]
[Result "1/2-1/2"]
[WhiteElo "2271"]
[BlackElo "2010"]
[PlyCount "81"]
[EventDate "2012.08.17"]

1. Nf3 c5 2. c4 Nf6 3. Nc3 g6 4. e4 d6 5. d4 cxd4 6. Nxd4 Bg7 7. Be2 Nc6 8. Be3
O-O 9. O-O Bd7 10. Nc2 Qa5 11. Rc1 Rfc8 12. Qd2 Ne5 13. b3 Neg4 14. Bxg4 Nxg4
15. Nd5 Qxd2 16. Bxd2 Kf8 17. Nce3 Nxe3 18. Bxe3 e6 19. Nc3 Bc6 20. Rfd1 Bxc3
21. Rxc3 Bxe4 22. Rxd6 Ke7 23. Rd1 Rd8 24. Rcc1 a6 25. f3 Bc6 26. Bb6 Rd7 27.
Kf2 f6 28. Ke3 Rg8 29. Rxd7+ Bxd7 30. Bc5+ Kf7 31. Rd1 Bc6 32. a4 h5 33. Ra1 g5
34. b4 Rc8 35. Bd6 Be8 36. Kd3 Rd8 37. c5 Bc6 38. Kc4 Bd5+ 39. Kc3 Bc6 40. Kc4
Bd5+ 41. Kc3 1/2-1/2

[Event "European Youth Chess Championship B18"]
[Site "Prague, Top Hotel Prague"]
[Date "2012.08.25"]
[Round "9.33"]
[White "Scott, Gordon W"]
[Black "Silva Rodriguez, Julio"]
[Result "1-0"]
[WhiteElo "2026"]
[BlackElo "2165"]
[PlyCount "91"]
[EventDate "2012.08.17"]

1. Nf3 d5 2. d4 Nf6 3. c4 e6 4. Nc3 Be7 5. Bg5 h6 6. Bh4 O-O 7. e3 b6 8. Be2
Bb7 9. Bxf6 Bxf6 10. cxd5 exd5 11. b4 c6 12. O-O Re8 13. Rb1 a5 14. b5 c5 15.
Qd2 Nd7 16. Rfd1 Rc8 17. Rbc1 Nf8 18. Na4 Ne6 19. dxc5 bxc5 20. b6 d4 21. exd4
cxd4 22. Rxc8 Qxc8 23. Ne1 Bg5 24. Qc2 Nf4 25. Bf1 Qg4 26. f3 Nh3+ 27. Kh1 Qh4
28. Nd3 Nf4 29. Nac5 Bd5 30. Qa4 Rb8 31. Qxd4 Rxb6 32. Ne4 Bxe4 33. Qxb6 Nxd3
34. Bxd3 Bf4 35. Qg1 Bc6 36. Be4 Ba4 37. g3 Qf6 38. gxf4 Bxd1 39. Qxd1 g6 40.
Qd2 a4 41. Kg2 Kg7 42. Kg3 h5 43. Bd5 Qa1 44. Qe2 Qg1+ 45. Kh3 Qd4 46. Qe5+ 1-0

[Event "European Youth Chess Championship B18"]
[Site "Prague, Top Hotel Prague"]
[Date "2012.08.25"]
[Round "9.34"]
[White "Lhotka, Jiri"]
[Black "Suchomel, Ales"]
[Result "1-0"]
[WhiteElo "2082"]
[BlackElo "2044"]
[PlyCount "55"]
[EventDate "2012.08.17"]

1. e4 c5 2. Nf3 e6 3. d4 cxd4 4. Nxd4 a6 5. Bd3 Bc5 6. Nb3 Be7 7. O-O d6 8. Be3
Nd7 9. f4 Ngf6 10. c4 O-O 11. Nc3 b6 12. g4 Nc5 13. g5 Nfd7 14. Bc2 Bb7 15. Qh5
g6 16. Qh4 Re8 17. Nd2 Nb8 18. Rf3 h5 19. Rh3 Bf8 20. f5 d5 21. fxg6 fxg6 22.
exd5 exd5 23. Bxg6 Rxe3 24. Qxh5 Bh6 25. Bf7+ Kf8 26. Qxh6+ Kxf7 27. Rf1+ Ke7
28. Rxe3+ 1-0

[Event "European Youth Chess Championship B18"]
[Site "Prague, Top Hotel Prague"]
[Date "2012.08.25"]
[Round "9.35"]
[White "Foster, James M"]
[Black "Kyrkjebo, Erlend"]
[Result "1-0"]
[WhiteElo "2037"]
[BlackElo "2047"]
[PlyCount "63"]
[EventDate "2012.08.17"]

1. e4 c5 2. Nf3 g6 3. d4 cxd4 4. Nxd4 Bg7 5. c4 Nc6 6. Be3 Nf6 7. Nc3 d6 8. Be2
O-O 9. O-O Bd7 10. Qd2 Nxd4 11. Bxd4 Bc6 12. f3 Nd7 13. Be3 a5 14. b3 Nc5 15.
Rab1 Qc7 16. Rfc1 Rfc8 17. Bd1 Qd7 18. a3 b5 19. Bxc5 Bxc3 20. Rxc3 dxc5 21.
Qxd7 Bxd7 22. cxb5 Bxb5 23. Rbc1 a4 24. Rxc5 Rxc5 25. Rxc5 Be8 26. b4 Rd8 27.
Be2 Rd2 28. Rc8 Rxe2 29. Rxe8+ Kg7 30. Ra8 Kf6 31. Rxa4 Kg5 32. b5 1-0

[Event "European Youth Chess Championship B18"]
[Site "Prague, Top Hotel Prague"]
[Date "2012.08.25"]
[Round "9.36"]
[White "Sosovicka, Juraj"]
[Black "Archer-Lock, Adrian"]
[Result "1/2-1/2"]
[WhiteElo "2108"]
[BlackElo "1923"]
[PlyCount "42"]
[EventDate "2012.08.17"]

1. e4 e6 2. d4 d5 3. Nd2 dxe4 4. Nxe4 Nd7 5. Nf3 Ngf6 6. Nxf6+ Nxf6 7. c3 c5 8.
Ne5 a6 9. Be3 Qc7 10. Qa4+ Bd7 11. Nxd7 Nxd7 12. O-O-O Rd8 13. Be2 Be7 14. dxc5
Bxc5 15. Bxc5 Qxc5 16. Qd4 Qxd4 17. Rxd4 Ke7 18. Rhd1 Ne5 19. Kb1 Nc6 20. Rxd8
Rxd8 21. Rxd8 Kxd8 1/2-1/2

[Event "European Youth Chess Championship B18"]
[Site "Prague, Top Hotel Prague"]
[Date "2012.08.25"]
[Round "9.37"]
[White "Alfimov, Igor"]
[Black "Aperia, Jakob"]
[Result "0-1"]
[WhiteElo "1969"]
[BlackElo "2098"]
[PlyCount "56"]
[EventDate "2012.08.17"]

1. d4 d5 2. c4 c6 3. Nc3 Nf6 4. Nf3 a6 5. c5 Nbd7 6. Bf4 Nh5 7. e3 Nxf4 8. exf4
Qc7 9. g3 g6 10. Bd3 Bg7 11. O-O O-O 12. Qc2 b6 13. Na4 b5 14. Nc3 e6 15. h4
Nf6 16. Ne5 Nh5 17. Rfe1 f6 18. Nf3 Nxf4 19. gxf4 Qxf4 20. Qe2 e5 21. Qe3 Qg4+
22. Kh1 exd4 23. Nxd4 Qxh4+ 24. Kg1 Bh6 25. f4 Bxf4 26. Qe2 Bh2+ 27. Kg2 Qh3+
28. Kh1 Be5+ 0-1

[Event "European Youth Chess Championship B18"]
[Site "Prague, Top Hotel Prague"]
[Date "2012.08.25"]
[Round "9.38"]
[White "Ronka, Erik"]
[Black "Petras, Marian"]
[Result "1-0"]
[WhiteElo "2086"]
[BlackElo "1958"]
[PlyCount "77"]
[EventDate "2012.08.17"]

1. d4 Nf6 2. c4 g6 3. Nc3 d5 4. cxd5 Nxd5 5. e4 Nxc3 6. bxc3 Bg7 7. Nf3 c5 8.
Rb1 O-O 9. Be2 Nc6 10. d5 Bxc3+ 11. Bd2 Bxd2+ 12. Qxd2 Nd4 13. Nxd4 cxd4 14.
Qxd4 Qa5+ 15. Qd2 Qxd2+ 16. Kxd2 Rd8 17. Ke3 b6 18. Rbc1 e6 19. Bc4 e5 20. Bb3
Ba6 21. Rc7 Rac8 22. Rhc1 Kf8 23. R1c2 Rxc7 24. Rxc7 Bf1 25. Rxa7 b5 26. g3 h6
27. f4 f6 28. fxe5 fxe5 29. Rh7 Rd6 30. Rh8+ Kf7 31. Rb8 h5 32. h4 Ke7 33. a4
bxa4 34. Bxa4 Bh3 35. Re8+ Kf6 36. Bc6 Bg4 37. Kd3 Rd7 38. Bxd7 Bxd7 39. Rb8
1-0

[Event "European Youth Chess Championship B18"]
[Site "Prague, Top Hotel Prague"]
[Date "2012.08.25"]
[Round "9.39"]
[White "Pospisil, Martin"]
[Black "Tahaoglu, Ugur Barkin"]
[Result "1/2-1/2"]
[WhiteElo "2084"]
[BlackElo "1912"]
[PlyCount "80"]
[EventDate "2012.08.17"]

1. d4 Nf6 2. c4 g6 3. Nf3 Bg7 4. g3 O-O 5. Bg2 d6 6. O-O c6 7. Nc3 Qa5 8. e4
Bg4 9. h3 Bxf3 10. Bxf3 Nfd7 11. Be3 a6 12. a3 c5 13. b4 Qd8 14. Rc1 cxd4 15.
Bxd4 Bxd4 16. Qxd4 Nc6 17. Qe3 a5 18. Rb1 Nce5 19. Be2 Rc8 20. bxa5 Nxc4 21.
Bxc4 Rxc4 22. Rb5 Rc5 23. Rxb7 Rxa5 24. Nd5 Re8 25. Rfb1 Rc5 26. Qh6 Nf6 27.
Nxf6+ exf6 28. Qf4 Rce5 29. R7b4 f5 30. Rb8 Qxb8 31. Rxb8 Rxb8 32. exf5 Rxf5
33. Qxd6 Ra8 34. h4 h5 35. Kg2 Rfa5 36. f4 R5a6 37. Qd7 R6a7 38. Qd6 Ra5 39.
Qd7 Rb8 40. Qd6 Rc8 1/2-1/2

[Event "European Youth Chess Championship B18"]
[Site "Prague, Top Hotel Prague"]
[Date "2012.08.25"]
[Round "9.40"]
[White "Starek, Stanislav"]
[Black "Poska, Karolis"]
[Result "1/2-1/2"]
[WhiteElo "2052"]
[BlackElo "1884"]
[PlyCount "82"]
[EventDate "2012.08.17"]

1. d4 d5 2. c4 e5 3. dxe5 d4 4. Nf3 Nc6 5. a3 Nge7 6. g3 Ng6 7. Bg2 Ngxe5 8.
Nxe5 Nxe5 9. O-O Be7 10. b4 Nxc4 11. Nd2 Nxd2 12. Qxd2 d3 13. Rd1 O-O 14. Qxd3
Qxd3 15. Rxd3 Bf6 16. Ra2 Be6 17. Rc2 c6 18. Bb2 Be7 19. Rcd2 a5 20. b5 cxb5
21. Bxb7 Ra7 22. Bd5 b4 23. e4 Rc8 24. Kg2 Rac7 25. Be5 Rc2 26. Bxe6 fxe6 27.
axb4 axb4 28. Rxc2 Rxc2 29. Rd7 Bf6 30. Bxf6 gxf6 31. Rb7 Rb2 32. g4 b3 33. h4
Rb1 34. g5 fxg5 35. hxg5 b2 36. f4 Kf8 37. f5 exf5 38. exf5 Kg8 39. Rb8+ Kf7
40. Rb7+ Kg8 41. Rb8+ Kf7 1/2-1/2

[Event "European Youth Chess Championship B18"]
[Site "Prague, Top Hotel Prague"]
[Date "2012.08.25"]
[Round "9.41"]
[White "Olson, Hamish"]
[Black "Gabovits, Ilia"]
[Result "1-0"]
[WhiteElo "2055"]
[BlackElo "1893"]
[PlyCount "43"]
[EventDate "2012.08.17"]

1. d4 Nf6 2. c4 g6 3. Nc3 Bg7 4. e4 d6 5. f3 O-O 6. Bg5 c5 7. d5 e6 8. Qd2 exd5
9. cxd5 a6 10. a4 Nbd7 11. Nh3 Re8 12. Nf2 Qc7 13. Be2 Rb8 14. O-O c4 15. a5
Nc5 16. Bxc4 Ncxe4 17. Ncxe4 Nxe4 18. Nxe4 Qxc4 19. Nf6+ Bxf6 20. Bxf6 Qc5+ 21.
Kh1 Qe3 22. Rae1 1-0

[Event "European Youth Chess Championship B18"]
[Site "Prague, Top Hotel Prague"]
[Date "2012.08.25"]
[Round "9.42"]
[White "Krusina, Patrik"]
[Black "Belsley, Alexandre"]
[Result "0-1"]
[WhiteElo "1922"]
[BlackElo "1842"]
[PlyCount "52"]
[EventDate "2012.08.17"]

1. f4 d5 2. Nf3 Nf6 3. b3 g6 4. Bb2 Bg7 5. e3 O-O 6. Be2 c5 7. d3 Nc6 8. Ne5
Qc7 9. Nd2 Re8 10. Nxc6 Qxc6 11. Bf3 b5 12. Qe2 Ba6 13. a4 b4 14. h4 Rac8 15.
g4 Nd7 16. Bxg7 Kxg7 17. e4 Qc7 18. e5 c4 19. Qe3 cxd3 20. cxd3 Qc3 21. Kf2 d4
22. Qe1 Nc5 23. Be4 Nxd3+ 24. Bxd3 Qxd3 25. h5 Rc3 26. Kg2 Bb7+ 0-1